NFL Number #1 Draft Pick Each Year - Statistics

General Stats
  • This quiz has been taken 143 times
  • The average score is 15 of 40
Answer Stats
Hint Answer % Correct
2023 Bryce Young
90%
2024 Caleb Williams
90%
2020 Joe Burrow
82%
2021 Trevor Lawrence
76%
2018 Baker Mayfield
74%
2006 Mario Williams
74%
2022 Travon Walker
68%
2019 Kyler Murray
67%
2017 Myles Garrett
64%
2004 Eli Manning
61%
1998 Peyton Manning
61%
2016 Jared Goff
59%
2011 Cam Newton
46%
2009 Matthew Stafford
46%
2005 Alex Smith
45%
1985 Bruce Smith
43%
2015 Jameis Winston
41%
2007 JaMarcus Russell
37%
2012 Andrew Luck
36%
2013 Eric Fisher
30%
2010 Sam Bradford
29%
2014 Jadeveon Clowney
27%
2003 Carson Palmer
25%
2000 Courtney Brown
24%
1996 Keyshawn Johnson
23%
2001 Michael Vick
23%
1986 Bo Jackson
21%
2002 David Carr
21%
1999 Tim Couch
19%
2008 Jake Long
17%
1989 Troy Aikman
16%
1993 Drew Bledsoe
11%
1995 Ki-Jana Carter
11%
1997 Orlando Pace
8%
1987 Vinny Testaverde
7%
1990 Jeff George
6%
1994 Dan Wilkinson
4%
1991 Russell Maryland
4%
1988 Aundray Bruce
3%
1992 Steve Emtmann
0%
No matching quizzes found
Score Distribution
Percent of People with Each Score
Percentile by Number Answered
Your Score History
You have not taken this quiz